[Event "4NCL Division 1 & 2"]
[Site "Daventry, ENG"]
[Date "2022.06.26"]
[Round "11.12"]
[White "Rocco, Federico"]
[Black "Parligras, Mircea-Emilian"]
[Result "0-1"]
[WhiteElo "2197"]
[BlackElo "2579"]
[PlyCount "62"]
[EventDate "2022.06.26"]
[WhiteTeam "Barnet Knights A"]
[BlackTeam "Chess.com Manx Liberty"]

1. e4 c5 2. Nf3 d6 3. Bb5+ Nd7 4. O-O a6 5. Bd3 Ngf6 6. Re1 e6 7. c3 b5 8. Bc2
c4 9. b3 Bb7 10. d4 cxd3 11. Bxd3 Nc5 12. Qc2 Be7 13. Nbd2 Nxd3 14. Qxd3 O-O
15. Bb2 Rc8 16. a4 bxa4 17. Rxa4 Nd7 18. Qc2 Nc5 19. Raa1 d5 20. e5 Qb6 21. Nd4
Ne4 22. Qd3 f6 23. exf6 Rxf6 24. Re2 e5 25. N4f3 Bc5 26. Rf1 Nxf2 27. Rexf2
Bxf2+ 28. Rxf2 e4 29. Qd4 exf3 30. Nxf3 Qxb3 31. Re2 Qb6 0-1

[Event "4NCL Division 1 & 2"]
[Site "Daventry, ENG"]
[Date "2022.06.26"]
[Round "11.13"]
[White "Lupulescu, Constantin"]
[Black "Villiers, Thomas"]
[Result "1-0"]
[WhiteElo "2627"]
[BlackElo "2201"]
[PlyCount "56"]
[EventDate "2022.06.26"]
[WhiteTeam "Chess.com Manx Liberty"]
[BlackTeam "Barnet Knights A"]

1. c4 e6 2. Nc3 d5 3. d4 Be7 4. cxd5 exd5 5. Bf4 Nf6 6. e3 O-O 7. Bd3 Nbd7 8.
Nge2 c5 9. O-O a6 10. Bc2 Re8 11. h3 b5 12. dxc5 Nxc5 13. Nd4 Bb7 14. Rc1 Qb6
15. Nce2 Bf8 16. Nb3 Na4 17. Rb1 Ne4 18. Qd4 Qd8 19. Rfc1 Rc8 20. Qd1 Qh4 21.
Ng3 Nxf2 22. Kxf2 g5 23. Bc7 Rxc7 24. Bxh7+ Kh8 25. Rxc7 Bd6 26. Rxb7 Qxg3+ 27.
Kf1 Qxe3 28. Bc2 Kg7 1-0

[Event "4NCL Division 1 & 2"]
[Site "Daventry, ENG"]
[Date "2022.06.26"]
[Round "11.14"]
[White "Smith, Andrew Philip"]
[Black "Csonka, Balazs"]
[Result "0-1"]
[WhiteElo "2213"]
[BlackElo "2494"]
[PlyCount "46"]
[EventDate "2022.06.26"]
[WhiteTeam "Barnet Knights A"]
[BlackTeam "Chess.com Manx Liberty"]

1. e4 e5 2. d4 exd4 3. Qxd4 Nc6 4. Qe3 Nf6 5. Nc3 Bb4 6. Bd2 O-O 7. O-O-O Re8
8. Bc4 d6 9. Nf3 Be6 10. Bxe6 Rxe6 11. Ng5 Re8 12. f3 Ne5 13. Qe2 c6 14. f4
Bxc3 15. Bxc3 Ng6 16. g3 h6 17. h4 hxg5 18. hxg5 Nxe4 19. Qh5 Nxc3 20. bxc3 Qa5
21. Rh2 Qxc3 22. f5 Re5 23. fxg6 Qa3+ 0-1

[Event "4NCL Division 1 & 2"]
[Site "Daventry, ENG"]
[Date "2022.06.26"]
[Round "11.15"]
[White "Cyborowski, Lukasz"]
[Black "Brozel, Sacha"]
[Result "1-0"]
[WhiteElo "2484"]
[BlackElo "2281"]
[PlyCount "117"]
[EventDate "2022.06.26"]
[WhiteTeam "Chess.com Manx Liberty"]
[BlackTeam "Barnet Knights A"]

1. Nf3 Nf6 2. c4 e6 3. Nc3 Bb4 4. Qc2 O-O 5. a3 Bxc3 6. Qxc3 d6 7. b4 a5 8. Bb2
e5 9. g3 axb4 10. axb4 Rxa1+ 11. Bxa1 Na6 12. Bg2 c5 13. bxc5 Nxc5 14. O-O Re8
15. d4 Ncd7 16. Qb4 Qc7 17. e3 b6 18. Nd2 h6 19. Bb2 Rd8 20. Ra1 Nb8 21. Qa4
Bb7 22. Bxb7 Qxb7 23. Qa7 Qxa7 24. Rxa7 Nbd7 25. Nf3 Rc8 26. dxe5 dxe5 27. Bxe5
Rxc4 28. Bd4 b5 29. Rb7 b4 30. Kg2 Rc2 31. Bxf6 Nxf6 32. Rxb4 g6 33. Ne5 Rc7
34. g4 Kg7 35. h4 h5 36. g5 Nd7 37. Nd3 Rc3 38. Rd4 Nc5 39. Nf4 Kf8 40. Kf3 Rc2
41. Rd8+ Ke7 42. Ra8 Rd2 43. Ra7+ Rd7 44. Ra5 Nb3 45. Ra4 Nc5 46. Rc4 Nd3 47.
Re4+ Kf8 48. Rd4 Nc5 49. Ke2 Ra7 50. Nd5 Ra2+ 51. Kf3 Rc2 52. Nf6 Ke7 53. Kg3
Ke6 54. Rd8 Rc4 55. Ra8 Ke7 56. Ra7+ Ke6 57. f3 Nd3 58. Ra6+ Kf5 59. Nd7 1-0

[Event "4NCL Division 1 & 2"]
[Site "Daventry, ENG"]
[Date "2022.06.26"]
[Round "11.16"]
[White "Stoica, Savas Marin"]
[Black "Turner, Matthew J"]
[Result "1/2-1/2"]
[WhiteElo "2188"]
[BlackElo "2472"]
[PlyCount "115"]
[EventDate "2022.06.26"]
[WhiteTeam "Barnet Knights A"]
[BlackTeam "Chess.com Manx Liberty"]

1. d4 Nf6 2. c4 e6 3. Nc3 Bb4 4. f3 d5 5. a3 Bxc3+ 6. bxc3 c5 7. cxd5 Nxd5 8.
dxc5 Qa5 9. e4 Ne7 10. Be3 O-O 11. Qb3 Qc7 12. Bb5 Nec6 13. Ne2 Na5 14. Qb4 e5
15. O-O Be6 16. Nd4 Na6 17. Nxe6 fxe6 18. Bxa6 bxa6 19. Rad1 Rfd8 20. Rd6 Nc6
21. Qa4 Rxd6 22. cxd6 Qxd6 23. Rd1 Qc7 24. Qxa6 Rc8 25. c4 Kf7 26. h4 Nd4 27.
Bxd4 exd4 28. Rxd4 Qg3 29. e5 Qe1+ 30. Kh2 Qxe5+ 31. Kh3 Rc7 32. Qd6 Qxd6 33.
Rxd6 Rxc4 34. Rd7+ Kf6 35. Rxa7 Rc3 36. Kg4 h6 37. a4 Rc4+ 38. Kg3 g5 39. hxg5+
hxg5 40. a5 Ra4 41. Ra8 Ra2 42. a6 Kg6 43. a7 Kg7 44. Kh3 Ra4 45. g3 g4+ 46.
fxg4 e5 47. Kg2 e4 48. Kf2 Ra3 49. g5 Kh7 50. g6+ Kg7 51. Ke2 e3 52. g4 Ra2+
53. Kxe3 Ra3+ 54. Kf4 Ra4+ 55. Kf3 Ra3+ 56. Kf4 Ra4+ 57. Kf3 Ra3+ 58. Kf4
1/2-1/2

[Event "4NCL Division 1 & 2"]
[Site "Daventry, ENG"]
[Date "2022.06.26"]
[Round "11.17"]
[White "Kolbus, Dietmar"]
[Black "Josse, Mark"]
[Result "1/2-1/2"]
[WhiteElo "2309"]
[BlackElo "2217"]
[PlyCount "94"]
[EventDate "2022.06.26"]
[WhiteTeam "Chess.com Manx Liberty"]
[BlackTeam "Barnet Knights A"]

1. c4 e5 2. Nc3 Nf6 3. g3 Bb4 4. Bg2 O-O 5. a3 Bxc3 6. dxc3 d6 7. Nf3 Nc6 8.
Nd2 Be6 9. e4 Qc8 10. h3 a5 11. a4 Nd7 12. b3 Nc5 13. Ba3 g6 14. Qe2 Ra6 15.
Bxc5 dxc5 16. Qe3 Qd7 17. Qxc5 Rd8 18. Qe3 Ne7 19. Nf3 f6 20. O-O Rd6 21. Kh2
Rd3 22. Qc1 Qd6 23. Re1 Qb6 24. Qc2 Kg7 25. Re2 R3d6 26. Rae1 Nc6 27. Nd2 Nb8
28. Nf1 Na6 29. Ne3 c6 30. Rb1 R8d7 31. Qb2 Qd8 32. Qa3 Rd3 33. Rc1 Kf7 34.
Rcc2 Qc7 35. Qb2 Qd8 36. Nf1 Nc5 37. Qa3 Na6 38. Kg1 Kg7 39. Re3 Kf7 40. Rxd3
Rxd3 41. Qb2 Nc5 42. Rd2 Rxd2 43. Nxd2 Qd7 44. h4 Nd3 45. Qc2 Ne1 46. Qc1 Nxg2
47. Kxg2 Qd3 1/2-1/2

[Event "4NCL Division 1 & 2"]
[Site "Daventry, ENG"]
[Date "2022.06.26"]
[Round "11.18"]
[White "Willmoth, Robert F"]
[Black "Terbe, Julianna"]
[Result "1/2-1/2"]
[WhiteElo "2106"]
[BlackElo "2293"]
[PlyCount "91"]
[EventDate "2022.06.26"]
[WhiteTeam "Barnet Knights A"]
[BlackTeam "Chess.com Manx Liberty"]

1. Nf3 d5 2. b3 Nf6 3. Bb2 Bf5 4. g3 e6 5. Bg2 Be7 6. O-O O-O 7. c4 c6 8. d3 h6
9. Nbd2 Nbd7 10. Qc2 a5 11. a3 Bh7 12. Bc3 Bd6 13. cxd5 cxd5 14. Qb2 Qe7 15. b4
axb4 16. Bxb4 e5 17. Rfd1 Rfe8 18. Bxd6 Qxd6 19. Ne1 Nc5 20. Rdc1 Ne6 21. Nc2
Bg6 22. Nb4 Nd4 23. Nb3 Nxb3 24. Qxb3 e4 25. d4 Ra5 26. Rc3 Bf5 27. Nc2 Rb8 28.
Rb1 b5 29. e3 Nd7 30. Bf1 Nb6 31. Qb4 Qxb4 32. axb4 Na4 33. Rc7 Ra6 34. Na3
Rab6 35. Be2 Be6 36. Rb3 Kh7 37. Kg2 R6b7 38. Rxb7 Rxb7 39. Bxb5 Nb6 40. h3 Kg6
41. Bc6 Ra7 42. Rc3 Kf6 43. g4 h5 44. Kg3 hxg4 45. hxg4 Kg5 46. f4+ 1/2-1/2

[Event "4NCL Division 1 & 2"]
[Site "Daventry, ENG"]
[Date "2022.06.26"]
[Round "11.21"]
[White "Delaney, Killian"]
[Black "Speelman, Jon S"]
[Result "1-0"]
[WhiteElo "2308"]
[BlackElo "2500"]
[PlyCount "55"]
[EventDate "2022.06.26"]
[WhiteTeam "Gonzaga"]
[BlackTeam "Wood Green"]

1. e4 c6 2. d4 d5 3. e5 Bf5 4. h4 h5 5. Bd3 Bxd3 6. Qxd3 Qa5+ 7. b4 Qa6 8. e6
Qxd3 9. cxd3 fxe6 10. Nd2 e5 11. dxe5 e6 12. Rb1 Na6 13. a3 Nh6 14. Ndf3 Nf5
15. Ne2 Be7 16. Bg5 Nc7 17. Nfd4 Nxd4 18. Nxd4 Rf8 19. Ke2 Rf7 20. Bxe7 Kxe7
21. g3 Kd7 22. Rhc1 Rff8 23. a4 Rfc8 24. Ke3 Rg8 25. b5 Rgb8 26. bxc6+ bxc6 27.
Rxb8 Rxb8 28. Rxc6 1-0

[Event "4NCL Division 1 & 2"]
[Site "Daventry, ENG"]
[Date "2022.06.26"]
[Round "11.22"]
[White "Tan, Justin"]
[Black "Kanyamarala, Tarun"]
[Result "1-0"]
[WhiteElo "2515"]
[BlackElo "2388"]
[PlyCount "107"]
[EventDate "2022.06.26"]
[WhiteTeam "Wood Green"]
[BlackTeam "Gonzaga"]

1. d4 Nf6 2. c4 e6 3. Nc3 Bb4 4. e3 O-O 5. Bd3 d5 6. a3 Bxc3+ 7. bxc3 dxc4 8.
Bxc4 c5 9. Nf3 Qc7 10. Be2 Nc6 11. Bb2 Rd8 12. Qc2 Na5 13. c4 cxd4 14. Bxd4 b6
15. Rc1 Ba6 16. O-O Rac8 17. Qb2 Qe7 18. Nd2 Rd7 19. Rc2 Ne8 20. Rfc1 Qf8 21.
Ne4 Bb7 22. Ng5 h6 23. Nf3 Be4 24. Rd2 Rdc7 25. Qa2 Qe7 26. Rb2 Nd6 27. Nd2 Bd5
28. Rbc2 Bb7 29. Bf1 e5 30. Bc3 Nc6 31. Qa1 f6 32. a4 Nd8 33. a5 Ne6 34. Rb2
Ng5 35. axb6 axb6 36. Rxb6 Nf5 37. Qb1 Nh4 38. e4 Rd8 39. Kh1 Rxd2 40. Bxd2
Bxe4 41. Qb3 f5 42. Qb4 f4 43. Qxe7 Rxe7 44. c5 Ngf3 45. Bc4+ Kh7 46. gxf3 Nxf3
47. Bb4 Ra7 48. Ra6 Rb7 49. Ba3 Nd2+ 50. Kg1 Nxc4 51. Rxc4 Bd3 52. Rb6 Rf7 53.
Rc3 e4 54. Rd6 1-0

[Event "4NCL Division 1 & 2"]
[Site "Daventry, ENG"]
[Date "2022.06.26"]
[Round "11.23"]
[White "Sarakauskas, Gediminas"]
[Black "Fernandez, Daniel Howard"]
[Result "1/2-1/2"]
[WhiteElo "2400"]
[BlackElo "2490"]
[PlyCount "88"]
[EventDate "2022.06.26"]
[WhiteTeam "Gonzaga"]
[BlackTeam "Wood Green"]

1. d4 Nf6 2. Nf3 e6 3. g3 b5 4. Bg2 Bb7 5. O-O c5 6. Bg5 d5 7. c3 a5 8. dxc5
Bxc5 9. e4 Nbd7 10. Nd4 Qb6 11. exd5 Bxd5 12. Bxd5 Nxd5 13. Nb3 a4 14. Nxc5
Nxc5 15. Qg4 h5 16. Qd4 f6 17. Be3 Nxe3 18. Qxe3 h4 19. Nd2 hxg3 20. fxg3 Nd7
21. Rae1 Ke7 22. Nf3 Qxe3+ 23. Rxe3 Rhc8 24. Nd4 Ne5 25. b3 axb3 26. axb3 Rc5
27. b4 Rd5 28. h4 Kf7 29. Rfe1 Ra6 30. Kg2 Ra2+ 31. Kh3 Rd2 32. Ra1 f5 33. Rxe5
Rxe5 34. Nf3 Ree2 35. Nxd2 Rxd2 36. Ra7+ Kf6 37. Rc7 g6 38. Rc5 Rd3 39. Kg2 e5
40. Rxb5 Rxc3 41. Rb6+ Kg7 42. Rb8 e4 43. b5 Rc2+ 44. Kf1 Rb2 1/2-1/2

[Event "4NCL Division 1 & 2"]
[Site "Daventry, ENG"]
[Date "2022.06.26"]
[Round "11.24"]
[White "Harvey, Marcus R"]
[Black "Li, Henry"]
[Result "1-0"]
[WhiteElo "2454"]
[BlackElo "2315"]
[PlyCount "61"]
[EventDate "2022.06.26"]
[WhiteTeam "Wood Green"]
[BlackTeam "Gonzaga"]

1. Nf3 Nf6 2. b3 g6 3. Bb2 Bg7 4. g3 d6 5. d4 c5 6. Bg2 cxd4 7. Nxd4 d5 8. O-O
O-O 9. Na3 e5 10. Nf3 e4 11. Nd4 h5 12. c4 h4 13. Ndc2 dxc4 14. Nxc4 Nc6 15.
N2e3 Be6 16. Rc1 Nb4 17. Qe1 a5 18. Rd1 Qc7 19. Be5 Qc6 20. a3 Nbd5 21. Nxa5
Qb5 22. Nec4 b6 23. a4 Qa6 24. Nc6 hxg3 25. hxg3 Rac8 26. Nd4 Bg4 27. Nb5 Rfd8
28. Qd2 Qa8 29. Qb2 Bd7 30. Nbd6 Rc6 31. Nxe4 1-0

[Event "4NCL Division 1 & 2"]
[Site "Daventry, ENG"]
[Date "2022.06.26"]
[Round "11.25"]
[White "Wall, Gavin"]
[Black "McPhillips, Joseph"]
[Result "1/2-1/2"]
[WhiteElo "2310"]
[BlackElo "2409"]
[PlyCount "149"]
[EventDate "2022.06.26"]
[WhiteTeam "Gonzaga"]
[BlackTeam "Wood Green"]

1. e4 e6 2. d4 d5 3. e5 c5 4. c3 Nc6 5. Nf3 Bd7 6. a3 f6 7. Bd3 fxe5 8. dxe5
Qc7 9. Bf4 g6 10. c4 Bh6 11. Bg3 Qa5+ 12. Nbd2 b5 13. cxb5 Nd8 14. O-O Nb7 15.
b4 Qb6 16. a4 c4 17. Bxc4 dxc4 18. Nxc4 Qc7 19. Nd6+ Nxd6 20. exd6 Qd8 21. Nd4
Nf6 22. Re1 Qc8 23. Ra2 O-O 24. Rc2 Qb7 25. Nxe6 Bxe6 26. Rxe6 Rae8 27. Rxe8
Rxe8 28. h3 Qe4 29. d7 Qe1+ 30. Qxe1 Rxe1+ 31. Kh2 Nxd7 32. Rc7 Rd1 33. Rxa7
Bf8 34. a5 Bxb4 35. a6 Nb6 36. Rb7 Bc5 37. Bc7 Nd5 38. a7 Ra1 39. Rb8+ Kf7 40.
a8=Q Rxa8 41. Rxa8 Nxc7 42. Rb8 Kf6 43. f4 Nd5 44. g3 h5 45. h4 Bd6 46. Rc8 Ke6
47. Kg2 Kd7 48. Rc1 Ba3 49. Ra1 Bc5 50. Kf3 Kd6 51. Rd1 Ke6 52. Re1+ Kd6 53.
Re5 Bd4 54. Rg5 Ne7 55. f5 gxf5 56. Rxh5 Kc5 57. Rh7 Nd5 58. Rb7 Nf6 59. Kf4
Nh5+ 60. Kxf5 Nxg3+ 61. Kg6 Kb4 62. Rd7 Bc5 63. Rd3 Ne2 64. Kf5 Nd4+ 65. Ke5
Kc4 66. Rg3 Nxb5 67. Rg4+ Kd3 68. h5 Bf8 69. Ke6 Nd4+ 70. Kf7 Bh6 71. Rg6 Bc1
72. Rg1 Bf4 73. Kf6 Nf3 74. Rf1 Ke4 75. Rxf3 1/2-1/2

[Event "4NCL Division 1 & 2"]
[Site "Daventry, ENG"]
[Date "2022.06.26"]
[Round "11.26"]
[White "Toma, Katarzyna"]
[Black "McPhillips, Karl"]
[Result "1-0"]
[WhiteElo "2440"]
[BlackElo "2223"]
[PlyCount "81"]
[EventDate "2022.06.26"]
[WhiteTeam "Wood Green"]
[BlackTeam "Gonzaga"]

1. e4 c5 2. Nf3 Nc6 3. d4 cxd4 4. Nxd4 g6 5. c4 Bg7 6. Be3 Nf6 7. Nc3 Ng4 8.
Qxg4 Nxd4 9. Qd1 Ne6 10. Qd2 Qa5 11. Rc1 b6 12. Be2 Bb7 13. f3 g5 14. O-O Be5
15. Rfd1 d6 16. Nd5 Qxd2 17. Rxd2 Rc8 18. Rcc2 Nf4 19. Bf1 Nxd5 20. cxd5 Bf4
21. Kf2 Bxe3+ 22. Kxe3 O-O 23. Bb5 Rc5 24. Bd7 Rd8 25. Bf5 Re8 26. b4 Rxc2 27.
Rxc2 e6 28. dxe6 fxe6 29. Bxh7+ Kxh7 30. Rc7+ Kg6 31. Rxb7 Rc8 32. Kd2 Rc4 33.
a3 Rd4+ 34. Ke2 Rc4 35. Kd3 Rc1 36. Rxa7 Kf6 37. Ra6 Rd1+ 38. Ke3 Ra1 39. g3
Ra2 40. h4 gxh4 41. gxh4 1-0

[Event "4NCL Division 1 & 2"]
[Site "Daventry, ENG"]
[Date "2022.06.26"]
[Round "11.27"]
[White "Freeman, Gordon"]
[Black "Fitzsimons, David"]
[Result "0-1"]
[WhiteElo "2090"]
[BlackElo "2393"]
[PlyCount "130"]
[EventDate "2022.06.26"]
[WhiteTeam "Gonzaga"]
[BlackTeam "Wood Green"]

1. d4 Nf6 2. Nf3 d5 3. c4 e6 4. g3 Bb4+ 5. Bd2 Be7 6. Bg2 O-O 7. O-O Nbd7 8.
Nc3 dxc4 9. e3 Rb8 10. Nb5 a6 11. Na7 Ra8 12. Nxc8 Rxc8 13. Qe2 Ne4 14. Qxc4
Nxd2 15. Nxd2 c6 16. Rfd1 Qc7 17. Rac1 Rfd8 18. h4 e5 19. Nf3 exd4 20. Nxd4 Bf6
21. Qb3 g6 22. Nxc6 bxc6 23. Rxc6 Qa7 24. Rxd7 Qxd7 25. Rxf6 Qd1+ 26. Qxd1
Rxd1+ 27. Kh2 Rc2 28. Bb7 Kg7 29. Rf3 a5 30. a4 Rxb2 31. Bc6 f5 32. h5 Rc2 33.
Bb5 Rcc1 34. Rf4 Rh1+ 35. Kg2 Rxh5 36. Bf1 Ra1 37. Rc4 Kf6 38. Rc6+ Ke7 39. Rc4
Rg5 40. Be2 Ra2 41. Bd1 Kd6 42. Rh4 Rd2 43. Bf3 h5 44. Rc4 Rb2 45. Rd4+ Kc7 46.
Bd1 Rb4 47. f4 Rg4 48. Bxg4 hxg4 49. Kf2 Kc6 50. Ke2 Kc5 51. Kd3 Rb3+ 52. Kd2
Rb2+ 53. Kd3 Rg2 54. Rd8 Rxg3 55. Rb8 Kd5 56. Rb5+ Ke6 57. Rxa5 g5 58. fxg5 f4
59. g6 Rxe3+ 60. Kd2 Kf6 61. Ra6+ Kg7 62. Rc6 g3 63. a5 Ra3 64. Ke2 f3+ 65. Kf1
Ra1+ 0-1

[Event "4NCL Division 1 & 2"]
[Site "Daventry, ENG"]
[Date "2022.06.26"]
[Round "11.28"]
[White "Derakhshani, Borna"]
[Black "Murray, David"]
[Result "1-0"]
[WhiteElo "2384"]
[BlackElo "2123"]
[PlyCount "77"]
[EventDate "2022.06.26"]
[WhiteTeam "Wood Green"]
[BlackTeam "Gonzaga"]

1. Nf3 Nf6 2. b3 g6 3. Bb2 Bg7 4. g3 O-O 5. Bg2 c5 6. c4 Nc6 7. O-O Rb8 8. Nc3
a6 9. d4 cxd4 10. Nxd4 Nxd4 11. Qxd4 b5 12. cxb5 axb5 13. Qb4 Ne8 14. Rab1 Nc7
15. Rfd1 Bb7 16. e4 d6 17. Nd5 Bxb2 18. Rxb2 Bxd5 19. exd5 Rb7 20. Rc2 Qd7 21.
Qh4 Qf5 22. Re2 Qf6 23. Rxe7 Qxh4 24. gxh4 Rfb8 25. Rc1 Ne8 26. Rxb7 Rxb7 27.
a4 bxa4 28. bxa4 Ra7 29. Ra1 Ra5 30. Kf1 Kf8 31. Ke2 Ke7 32. Kd3 Kd7 33. Kc4
Kc7 34. Kb4 Kb6 35. Rc1 Rc5 36. a5+ Kc7 37. Rxc5+ dxc5+ 38. Kxc5 Nd6 39. a6 1-0

[Event "4NCL Division 1 & 2"]
[Site "Daventry, ENG"]
[Date "2022.06.26"]
[Round "11.31"]
[White "Jones, Gawain C B"]
[Black "Pert, Nicholas"]
[Result "1/2-1/2"]
[WhiteElo "2665"]
[BlackElo "2536"]
[PlyCount "117"]
[EventDate "2022.06.26"]
[WhiteTeam "Chessable White Rose 1"]
[BlackTeam "Cheddleton"]

1. e4 e6 2. d4 d5 3. e5 c5 4. c3 Nc6 5. Nf3 Bd7 6. Be2 Nge7 7. O-O cxd4 8. cxd4
Nf5 9. Nc3 Rc8 10. a3 a6 11. g4 Nfe7 12. Bg5 h6 13. Be3 Na5 14. Nd2 h5 15. gxh5
Nf5 16. Bg4 g6 17. hxg6 fxg6 18. h3 Qb6 19. Rb1 Bb5 20. Nxb5 axb5 21. Nf3 Be7
22. Qd3 Kd7 23. Rfd1 Nc4 24. Bg5 Qd8 25. Bxe7 Qxe7 26. Qb3 Kc6 27. Rdc1 Nh6 28.
Qb4 Qxb4 29. axb4 Nxg4 30. hxg4 Rcf8 31. Nh2 Kb6 32. Rc2 Rh3 33. Rc3 Rh4 34. f3
Rfh8 35. Rc2 Rh3 36. Rf2 Rg3+ 37. Rg2 Rxg2+ 38. Kxg2 Ne3+ 39. Kg3 Nc2 40. Rd1
g5 41. Rd2 Nxb4 42. f4 gxf4+ 43. Kxf4 Nc6 44. Nf3 Rf8+ 45. Kg3 b4 46. Ng5 Re8
47. Kf4 Kb5 48. Ke3 Ka4 49. Rd3 Na5 50. Kf4 b3 51. Nf3 Nc4 52. Nd2 Nxb2 53. Rg3
Nd1 54. Rxb3 b5 55. Rb1 Rf8+ 56. Kg5 Nc3 57. Rc1 b4 58. Kh6 Rf4 59. g5 1/2-1/2

[Event "4NCL Division 1 & 2"]
[Site "Daventry, ENG"]
[Date "2022.06.26"]
[Round "11.32"]
[White "Williams, Simon K"]
[Black "Alsina Leal, Daniel"]
[Result "0-1"]
[WhiteElo "2467"]
[BlackElo "2514"]
[PlyCount "60"]
[EventDate "2022.06.26"]
[WhiteTeam "Cheddleton"]
[BlackTeam "Chessable White Rose 1"]

1. e4 c5 2. Be2 Nc6 3. f4 e6 4. Nf3 d5 5. d3 Bd6 6. O-O Nge7 7. e5 Bc7 8. c3
O-O 9. d4 cxd4 10. cxd4 Nf5 11. Bd3 Ncxd4 12. g4 Nxf3+ 13. Rxf3 Ne7 14. Rh3 g6
15. g5 Nf5 16. Nc3 Bb6+ 17. Kf1 h5 18. gxh6 Kh8 19. Bd2 Bd7 20. Bxf5 gxf5 21.
Qh5 d4 22. Ne2 Bb5 23. a4 Bxe2+ 24. Kxe2 Rg8 25. Rg3 d3+ 26. Kd1 Qd5 27. Qxf7
Rxg3 28. Qf6+ Kh7 29. Qe7+ Kg8 30. hxg3 Qf3+ 0-1

[Event "4NCL Division 1 & 2"]
[Site "Daventry, ENG"]
[Date "2022.06.26"]
[Round "11.33"]
[White "Adair, James R"]
[Black "Kirk, Ezra"]
[Result "0-1"]
[WhiteElo "2454"]
[BlackElo "2457"]
[PlyCount "60"]
[EventDate "2022.06.26"]
[WhiteTeam "Chessable White Rose 1"]
[BlackTeam "Cheddleton"]

1. e4 c5 2. Nf3 d6 3. d4 cxd4 4. Nxd4 Nf6 5. Nc3 a6 6. Be3 e5 7. Nb3 Be7 8. f3
Be6 9. Qd2 h5 10. a4 Nbd7 11. Be2 Nb6 12. a5 Nc4 13. Bxc4 Bxc4 14. Na4 d5 15.
Nb6 Rc8 16. Nxc8 Qxc8 17. Bg5 dxe4 18. Bxf6 Bxf6 19. fxe4 Qg4 20. Kf2 Bg5 21.
h3 Bh4+ 22. Kg1 Qxe4 23. Nc5 Qc6 24. Qb4 Be7 25. Qxc4 Bxc5+ 26. Kf1 O-O 27. Qe2
Rd8 28. c3 e4 29. Ke1 Qd6 30. g4 Qg3+ 0-1

[Event "4NCL Division 1 & 2"]
[Site "Daventry, ENG"]
[Date "2022.06.26"]
[Round "11.34"]
[White "Astaneh Lopez, Alex"]
[Black "Wells, Peter K"]
[Result "0-1"]
[WhiteElo "2436"]
[BlackElo "2373"]
[PlyCount "46"]
[EventDate "2022.06.26"]
[WhiteTeam "Cheddleton"]
[BlackTeam "Chessable White Rose 1"]

1. d4 Nf6 2. Bf4 d5 3. e3 c5 4. Nd2 Nc6 5. c3 Bf5 6. Qb3 Qc8 7. Ngf3 e6 8. Ne5
Be7 9. Nxc6 bxc6 10. Qa4 a5 11. Nf3 Nd7 12. Ne5 Nxe5 13. Bxe5 f6 14. Bg3 Qb7
15. Qb3 Qxb3 16. axb3 Bc2 17. Ra3 cxd4 18. b4 dxc3 19. bxc3 a4 20. Kd2 Bb3 21.
Bd3 c5 22. Rha1 Kf7 23. b5 c4 0-1

[Event "4NCL Division 1 & 2"]
[Site "Daventry, ENG"]
[Date "2022.06.26"]
[Round "11.35"]
[White "Camacho Collados, Jose"]
[Black "Eggleston, David J"]
[Result "1/2-1/2"]
[WhiteElo "2411"]
[BlackElo "2329"]
[PlyCount "106"]
[EventDate "2022.06.26"]
[WhiteTeam "Chessable White Rose 1"]
[BlackTeam "Cheddleton"]

1. Nf3 Nf6 2. d4 e6 3. Bg5 c5 4. e3 cxd4 5. exd4 h6 6. Bh4 b6 7. a4 Bb7 8. Nbd2
Be7 9. c3 O-O 10. Bd3 d6 11. O-O a6 12. Nc4 Nbd7 13. Nfd2 d5 14. Ne5 Nxe5 15.
dxe5 Ne4 16. Bxe7 Qxe7 17. Bxe4 dxe4 18. Nc4 Rad8 19. Qe2 Qc5 20. b4 Qc7 21.
Nd6 f5 22. Rac1 a5 23. Qa2 Bd5 24. c4 Ba8 25. Qa3 axb4 26. Qxb4 Rb8 27. Rfd1
Qe7 28. Qa3 f4 29. Qh3 f3 30. Rc3 fxg2 31. Rg3 Rf3 32. Re1 Rbf8 33. Rxf3 exf3
34. Qg4 Bc6 35. Rb1 Kh8 36. Rxb6 Qa7 37. c5 Bd5 38. Qb4 Ra8 39. Qb1 Qxa4 40.
Nf7+ Kg8 41. Nxh6+ Kf8 42. Rb8+ Rxb8 43. Qxb8+ Ke7 44. Qc7+ Qd7 45. Qd6+ Ke8
46. Qb8+ Qd8 47. Qxd8+ Kxd8 48. Ng4 Kd7 49. h4 Be4 50. h5 Bf5 51. Nh2 Be4 52.
Ng4 Bf5 53. Nh2 Be4 1/2-1/2

[Event "4NCL Division 1 & 2"]
[Site "Daventry, ENG"]
[Date "2022.06.26"]
[Round "11.36"]
[White "Boswell, Jacob Connor"]
[Black "Palliser, Richard J D"]
[Result "1/2-1/2"]
[WhiteElo "2117"]
[BlackElo "2401"]
[PlyCount "132"]
[EventDate "2022.06.26"]
[WhiteTeam "Cheddleton"]
[BlackTeam "Chessable White Rose 1"]

1. e4 c5 2. Nf3 a6 3. c4 Nc6 4. d4 cxd4 5. Nxd4 Nf6 6. Nc3 Qc7 7. Be2 e6 8. Nc2
b6 9. O-O Bb7 10. f4 d6 11. Be3 Be7 12. g4 h6 13. h4 Nd7 14. h5 Bf6 15. Rc1
Bxc3 16. bxc3 Na5 17. Bf2 Bxe4 18. Qd4 Bb7 19. Nb4 Nc6 20. Qxg7 O-O-O 21. Be3
f6 22. Qg6 f5 23. Kf2 Rdg8 24. Qxe6 Re8 25. Qxf5 Nxb4 26. cxb4 Qd8 27. g5 Qe7
28. Qd3 hxg5 29. c5 dxc5 30. Bg4 gxf4 31. Qxd7+ Qxd7 32. Bxd7+ Kxd7 33. Bxf4
Rxh5 34. Rfd1+ Kc8 35. bxc5 bxc5 36. Rc4 Re4 37. Rdc1 Rxc4 38. Rxc4 Kd7 39. Ke1
Rh4 40. Kd2 Ke6 41. Ke3 Rh3+ 42. Kd2 Rh4 43. Ke3 Rh3+ 44. Kd2 Kd5 45. Rc3 Rh7
46. Bg3 c4 47. Rf3 Kc5 48. Rf5+ Kd4 49. Bf2+ Ke4 50. Rf8 Rh3 51. Re8+ Kf5 52.
Be3 Be4 53. Rf8+ Ke6 54. Re8+ Kf5 55. Rf8+ Ke6 56. Re8+ Kd5 57. Rd8+ Kc6 58.
Re8 Bd3 59. a4 Rh2+ 60. Kc3 Ra2 61. Re6+ Kd5 62. Rxa6 Ra3+ 63. Kd2 Ra2+ 64. Kc3
Rc2+ 65. Kb4 Rb2+ 66. Kc3 Rc2+ 1/2-1/2

[Event "4NCL Division 1 & 2"]
[Site "Daventry, ENG"]
[Date "2022.06.26"]
[Round "11.37"]
[White "Han, Yichen"]
[Black "Connell, Blair N"]
[Result "1-0"]
[WhiteElo "2279"]
[BlackElo "2214"]
[PlyCount "137"]
[EventDate "2022.06.26"]
[WhiteTeam "Chessable White Rose 1"]
[BlackTeam "Cheddleton"]

1. e4 e5 2. Nf3 Nc6 3. Bb5 Nge7 4. Nc3 Ng6 5. d4 Be7 6. Bxc6 exd4 7. Qxd4 bxc6
8. Qxg7 Bf6 9. Qh6 Ba6 10. Bg5 Bxc3+ 11. bxc3 f6 12. Be3 Qe7 13. Nd2 Rb8 14. c4
Ne5 15. O-O c5 16. Rfb1 Rb6 17. Qh5+ Kd8 18. f4 Nc6 19. Bxc5 Rxb1+ 20. Rxb1 Qe6
21. Qf5 Kc8 22. Qxe6 dxe6 23. Rb3 f5 24. e5 Rd8 25. Rd3 Na5 26. Bxa7 Nxc4 27.
Rxd8+ Kxd8 28. Nb3 Na3 29. c3 Bc4 30. Bc5 Nb5 31. Bb4 Kd7 32. Kf2 Bd5 33. g3
Na7 34. Ke3 Kc6 35. Kd3 Kb5 36. Nc5 Bxa2 37. Nd7 Nc8 38. Bf8 Nb6 39. Nf6 Bc4+
40. Kd2 Bd5 41. Nxh7 Kc4 42. Nf6 Bf3 43. Ne8 Nd5 44. Ng7 Nxc3 45. Nxe6 Bd5 46.
Nxc7 Bg8 47. Ne8 Ne4+ 48. Ke3 Kd5 49. Ng7 Bh7 50. e6 Bg6 51. e7 Nf6 52. h4 Kc6
53. h5 Nxh5 54. Nxf5 Kd7 55. Nh4 Bb1 56. g4 Nf6 57. g5 Nd5+ 58. Kf3 Nxe7 59.
Bxe7 Kxe7 60. f5 Kf7 61. Kf4 Kg7 62. Nf3 Bc2 63. Ke5 Kf7 64. Nd4 Bb1 65. Ne6
Bc2 66. Nf4 Bb3 67. g6+ Kg7 68. f6+ Kg8 69. Ne6 1-0

[Event "4NCL Division 1 & 2"]
[Site "Daventry, ENG"]
[Date "2022.06.26"]
[Round "11.38"]
[White "Steil-Antoni, Fiona"]
[Black "Ashton, Adam G"]
[Result "1/2-1/2"]
[WhiteElo "2191"]
[BlackElo "2350"]
[PlyCount "53"]
[EventDate "2022.06.26"]
[WhiteTeam "Cheddleton"]
[BlackTeam "Chessable White Rose 1"]

1. e4 c5 2. c3 Nf6 3. e5 Nd5 4. d4 cxd4 5. Qxd4 e6 6. Bd3 Nc6 7. Qe4 f5 8. Qe2
Be7 9. Nf3 O-O 10. O-O b6 11. a3 Bb7 12. c4 Nc7 13. Nc3 Qe8 14. Re1 Qg6 15. Qf1
Rad8 16. Bf4 Qg4 17. Ne2 g5 18. h3 Qh5 19. Ng3 Qg6 20. Bd2 h5 21. h4 gxh4 22.
Ne2 d6 23. Nf4 Qf7 24. Bc3 dxe5 25. Nxe5 Nxe5 26. Bxe5 Bd6 27. Qe2 1/2-1/2